| 000 | 00574nam a2200181 a 4500 | ||
|---|---|---|---|
| 001 | 000040718 | ||
| 005 | 20201002034328.0 | ||
| 008 | 130905s2011 sp 000 0 spa d | ||
| 020 | _a9788484763444 | ||
| 040 |
_aDO-SdBNP _bspa _cBNPHU |
||
| 100 | 1 |
_aAlonso Sebastián, Ramón _967109 |
|
| 245 | 1 | 0 |
_aEconomía de la Empresa Agroalimentaria / _cRamón Alonso Sebastián, Arturo Serrano Bermejo. |
| 250 | _a3a ed. | ||
| 260 |
_aMadrid : _bMindi-Prensa, _c2011. |
||
| 300 |
_a391 p. ; _c24 cm. |
||
| 504 | _aBibliografía : p. 391 | ||
| 700 | 1 |
_aSerrano, Bermejo, Arturo _967110 |
|
| 999 |
_c40208 _d40208 |
||